000
00363nam a22001337a 4500
003
SGT
020
_a
8176211249
082
_a
080
_b
M02D
100
_a
दास, गुरचरण
245
_a
मुक्त भारत
260
_b
फुल सर्किल पब्लिशिंग प्रा. लि.
_c
2002
300
_a
391
942
_2
ddc
_c
BK
999
_c
31503
_d
31503